| 000 | 00712nam a22002177a 4500 | ||
|---|---|---|---|
| 999 |
_c20105 _d20105 |
||
| 003 | AR-CdUCM | ||
| 008 | 190527b ||||| |||| 00| 0 spa d | ||
| 040 |
_aMUNICIPALIDAD PROVINCIAL DEL CUSCO _cBIBLIOTECA MUNICIPAL DEL CUSCO |
||
| 082 |
_a348.3 / _bV35 |
||
| 100 |
_aVásquez Rosas, Hugo : _942062 |
||
| 245 | _aGuía minera / | ||
| 260 |
_aLima : _bAusonia, _c1956. |
||
| 300 |
_a277 páginas ; _c26 cm. |
||
| 505 | _aContenido: Elemento químico -- Mezclas -- Oxidación y reducción -- Cristalográfica... | ||
| 650 |
_aMina _923126 |
||
| 650 |
_aRecursos minerales _94037 |
||
| 650 |
_aMinerología _920492 |
||
| 700 |
_aValverde Roberto L, (prólogo) _942063 |
||
| 942 |
_2ddc _cLIBROS |
||
| 945 | _aAndy | ||